[Event "Titled Tuesday intern op 11th Mar Early"]
[Site "Chess.com INT"]
[Date "2025.03.11"]
[Round "1"]
[White "Yeletsky, Ivan"]
[Black "Berthier, Hugo"]
[Result "1-0"]
[WhiteElo "2469"]
[BlackElo "2186"]
[PlyCount "99"]
[EventDate "2025.03.11"]
[EventType "swiss (blitz)"]
[EventRounds "11"]
[EventCountry "USA"]
[SourceTitle "CB12_2025"]
[SourceDate "2025.03.19"]
[SourceVersion "1"]
[SourceVersionDate "2025.03.19"]
[SourceQuality "1"]

1. e4 c5 2. Nf3 d6 3. d4 cxd4 4. Qxd4 Nc6 5. Bb5 Bd7 6. Qd3 Nf6 7. Bg5 e6 8. Nc3 Be7 9. 0-0-0 Qa5 10. Bxf6 gxf6 11. Bxc6 Bxc6 12. Nd4 Rc8 13. Kb1 a6 14. f4 Qc5 15. f5 e5 16. Nxc6 bxc6 17. Qxa6 Rb8 18. Na4 Qb5 19. Qxb5 Rxb5 20. c4 Rb4 21. b3 Rg8 22. g3 Rg4 23. Nc3 Kd7 24. Rd3 Kc7 25. h3 Rg8 26. Kc2 h5 27. Rg1 Bf8 28. a3 Rb8 29. b4 Be7 30. b5 cxb5 31. cxb5 Rgc8 32. a4 Kb6 33. Kb3 Ka5 34. Nd5 Bf8 35. Rc3 Rxc3+ 36. Nxc3 Rc8 37. Rd1 Rc5 38. Rd5 Rc8 39. Rd3 Rc5 40. Nd5 Rc1 41. Rc3 Rb1+ 42. Ka2 Rg1 43. Rc8 Kxa4 44. b6 Rg2+ 45. Kb1 Bh6 46. b7 Rg1+ 47. Kb2 Rg2+ 48. Rc2 Rxg3 49. b8Q Be3 50. Qb3+ 1-0

[Event "Titled Tuesday intern op 28th Jan Early"]
[Site "Chess.com INT"]
[Date "2025.01.28"]
[Round "4"]
[White "Berthier, Hugo"]
[Black "Ambartsumova, Karina"]
[Result "1-0"]
[WhiteElo "2186"]
[BlackElo "2405"]
[PlyCount "175"]
[EventDate "2025.01.28"]
[EventType "swiss (blitz)"]
[EventRounds "11"]
[EventCountry "USA"]
[SourceTitle "CB06_2025"]
[SourceDate "2025.02.05"]
[SourceVersion "1"]
[SourceVersionDate "2025.02.05"]
[SourceQuality "1"]

1. d4 Nf6 2. c4 e6 3. Nc3 d5 4. cxd5 exd5 5. Bg5 Be7 6. e3 h6 7. Bh4 0-0 8. Qc2 c5 9. dxc5 Nc6 10. Nf3 Bxc5 11. Rd1 Be6 12. Be2 Be7 13. 0-0 Qa5 14. Qa4 Qxa4 15. Nxa4 Rfd8 16. Nc3 Ne4 17. Bxe7 Nxe7 18. Nb5 a6 19. Nbd4 Rac8 20. Rc1 Bg4 21. Rfd1 Rxc1 22. Rxc1 Rc8 23. Rxc8+ Bxc8 24. Kf1 g5 25. Ke1 f6 26. Nd2 Kf7 27. Bd3 Nc5 28. Bc2 f5 29. a3 Kf6 30. Kd1 Ne4 31. f3 Nd6 32. Bd3 f4 33. exf4 gxf4 34. N2b3 Ke5 35. Ne2 Nef5 36. Bxf5 Nxf5 37. Kd2 Ne3 38. g3 Nf1+ 39. Kd3 Bf5+ 40. Kc3 Nxh2 41. gxf4+ Kd6 42. Nbd4 Bd7 43. Ng3 Kc5 44. Kd3 Bh3 45. Ke3 Nf1+ 46. Nxf1 Bxf1 47. f5 Kd6 48. Kf4 Bd3 49. Ne6 Ke7 50. Ng7 Kf7 51. Nh5 Bb1 52. Ke5 d4 53. Kxd4 Bxf5 54. Ke5 Bc2 55. f4 Bd1 56. Ng3 h5 57. f5 h4 58. Nf1 h3 59. Nh2 b5 60. Nf1 Bf3 61. Nh2 Bg2 62. b4 Ke7 63. f6+ Kf7 64. Kf5 Bf1 65. Ke5 Bg2 66. Kf5 Bf1 67. Ng4 Bd3+ 68. Kg5 Be2 69. Nh2 Bf1 70. Kf5 Bg2 71. Ke5 Bf1 72. Kf5 Bd3+ 73. Ke5 Bf1 74. Nxf1 Kf8 75. Nh2 Ke8 76. Ke6 Kf8 77. Kf5 Kf7 78. Ng4 Kf8 79. Kg6 Kg8 80. Kg5 Kf8 81. Kh4 Kf7 82. Kxh3 a5 83. Kg3 axb4 84. axb4 Ke6 85. Kf4 Kd5 86. Kf5 Kc4 87. f7 Kxb4 88. f8Q+ 1-0

[Event "London Classic Weekend op 11th"]
[Site "London"]
[Date "2019.12.01"]
[Round "4"]
[White "Berthier, Hugo"]
[Black "Lucchi, Lorenzo"]
[Result "0-1"]
[WhiteElo "2199"]
[BlackElo "2118"]
[PlyCount "124"]
[EventDate "2019.11.29"]
[EventType "swiss"]
[EventRounds "5"]
[EventCountry "ENG"]
[SourceTitle "CBM 193 Extra"]
[Source "ChessBase"]
[SourceDate "2020.01.31"]
[SourceVersion "1"]
[SourceVersionDate "2020.01.31"]
[SourceQuality "1"]

1. d4 Nf6 2. Bf4 g6 3. Nc3 d5 4. e3 Bg7 5. h4 c5 6. Nb5 Na6 7. c3 Bg4 8. Be2 Bxe2 9. Qxe2 0-0 10. Nf3 Re8 11. Ne5 Nd7 12. h5 Nxe5 13. dxe5 Nc7 14. Nxc7 Qxc7 15. e6 Qc6 16. exf7+ Kxf7 17. hxg6+ hxg6 18. Rh7 Kg8 19. Rh3 d4 20. Qc4+ e6 21. Rg3 dxc3 22. bxc3 Qd5 23. Qxd5 exd5 24. 0-0-0 d4 25. Rxg6 Kf7 26. Rd6 dxc3 27. Rd7+ Kg8 28. Rxb7 Re4 29. Rdd7 Bh8 30. Rxa7 Ra4 31. Rxa8+ Rxa8 32. Kb1 c4 33. Bg3 Bf6 34. e4 c2+ 35. Kxc2 Rxa2+ 36. Kd1 Ra1+ 37. Ke2 c3 38. Rc7 Bd4 39. Kf3 Ra3 40. Kg4 Ra2 41. Kf5 Bxf2 42. Bf4 Be1 43. g4 Rf2 44. Rc8+ Kf7 45. Kg5 Ke7 46. Bg3 Bd2+ 47. Kh5 Re2 48. e5 Re3 49. Bf4 Rh3+ 50. Kg6 Bxf4 51. Kf5 Bd2 52. g5 Rg3 53. Rc7+ Kd8 54. Rc4 Rxg5+ 55. Kf6 Rg3 56. Ke6 Rg6+ 57. Kf5 Rh6 58. Rc5 Kd7 59. Rd5+ Kc7 60. e6 Rh5+ 61. Ke4 Rxd5 62. e7 Kd7 0-1

[Event "Pardubice Czech op-A 24th"]
[Site "Pardubice"]
[Date "2013.07.19"]
[Round "1"]
[White "Rojicek, Vojtech"]
[Black "Berthier, Hugo"]
[Result "1/2-1/2"]
[WhiteElo "2413"]
[BlackElo "2208"]
[PlyCount "114"]
[EventDate "2013.07.19"]
[EventType "swiss"]
[EventRounds "9"]
[EventCountry "CZE"]
[SourceTitle "CBM 155 Extra"]
[Source "ChessBase"]
[SourceDate "2013.08.26"]
[SourceVersion "1"]
[SourceVersionDate "2013.08.26"]
[SourceQuality "1"]

1. Nf3 Nf6 2. g3 g6 3. d4 Bg7 4. c4 d6 5. Bg2 0-0 6. 0-0 Nc6 7. Nc3 Bg4 8. d5 Na5 9. Nd2 c5 10. h3 Bd7 11. Qc2 Rb8 12. b3 a6 13. Rb1 b5 14. Bb2 bxc4 15. bxc4 e5 16. e4 Nh5 17. Ne2 f5 18. Bc3 Qc7 19. Rxb8 Rxb8 20. Rb1 Rxb1+ 21. Qxb1 Nb7 22. Qb3 Nf6 23. exf5 gxf5 24. f4 e4 25. Qb2 Ne8 26. Bxg7 Nxg7 27. Nf1 Nd8 28. Ne3 h5 29. g4 fxg4 30. hxg4 Bxg4 31. Nxg4 hxg4 32. Bxe4 Qe7 33. Ng3 Nf7 34. Qb8+ Ne8 35. Qc8 Nh6 36. Kf2 Kf7 37. Bf5 Qf6 38. Qe6+ Qxe6 39. Bxe6+ Kg6 40. a4 a5 41. Ne4 Nf5 42. Nd2 Nf6 43. Bc8 Nh5 44. Ne4 Nxf4 45. Bxf5+ Kxf5 46. Nxd6+ Ke5 47. Nb7 Nd3+ 48. Kg3 Nb2 49. Nxa5 Nxa4 50. Nc6+ Kd6 51. Nd8 Nb6 52. Nb7+ Kc7 53. Nxc5 Nxc4 54. Ne4 Nb6 55. Nf6 Nxd5 56. Nxd5+ Kd6 57. Kxg4 Kxd5 1/2-1/2

[Event "London Classic op 4th"]
[Site "London"]
[Date "2012.12.08"]
[Round "8"]
[White "Zymberi, Astrit"]
[Black "Berthier, Hugo"]
[Result "0-1"]
[WhiteElo "2154"]
[BlackElo "2220"]
[PlyCount "76"]
[EventDate "2012.12.01"]
[EventType "swiss"]
[EventRounds "9"]
[EventCountry "ENG"]
[SourceTitle "EXT 2014"]
[Source "ChessBase"]
[SourceDate "2013.11.20"]
[SourceVersion "1"]
[SourceVersionDate "2013.11.20"]
[SourceQuality "1"]

1. d4 Nf6 2. c4 g6 3. Nc3 Bg7 4. e4 d6 5. f3 0-0 6. Be3 c5 7. Nge2 Nc6 8. d5 Ne5 9. Ng3 h5 10. Be2 h4 11. Nf1 e6 12. f4 Neg4 13. Bg1 exd5 14. cxd5 b5 15. e5 dxe5 16. Bxc5 Re8 17. fxe5 Rxe5 18. Bd4 Re8 19. a3 Rb8 20. b4 Rb7 21. h3 Nh6 22. Ne3 Rbe7 23. Qc1 Nf5 24. Nxf5 Bxf5 25. Ra2 Nxd5 26. Bxg7 Kxg7 27. Rd2 Qc7 28. Rxd5 Rxe2+ 29. Kd1 Bc2+ 30. Qxc2 Rxc2 31. Kxc2 Re2+ 32. Rd2 Re3 33. Rd3 Rxd3 34. Kxd3 Qg3+ 35. Kd4 Qf2+ 36. Kd3 Qxg2 37. Re1 Qxh3+ 38. Re3 Qf1+ 0-1

[Event "London Classic op 4th"]
[Site "London"]
[Date "2012.12.07"]
[Round "7"]
[White "Berthier, Hugo"]
[Black "McKerracher, Douglas"]
[Result "1-0"]
[WhiteElo "2220"]
[BlackElo "2034"]
[PlyCount "93"]
[EventDate "2012.12.01"]
[EventType "swiss"]
[EventRounds "9"]
[EventCountry "ENG"]
[SourceTitle "CBM 151 Extra"]
[Source "ChessBase"]
[SourceDate "2012.12.18"]
[SourceVersion "1"]
[SourceVersionDate "2012.12.18"]
[SourceQuality "1"]

1. Nf3 f5 2. e4 fxe4 3. Ng5 e5 4. d3 e3 5. Bxe3 Nc6 6. c4 Nf6 7. Be2 Be7 8. 0-0 0-0 9. Nf3 d6 10. a3 a5 11. Nc3 Kh8 12. Rb1 d5 13. d4 exd4 14. Nxd4 Nxd4 15. Bxd4 Bf5 16. Rc1 c5 17. Bxf6 Bxf6 18. Qxd5 Bd4 19. Qxd8 Raxd8 20. Bf3 Bd3 21. Rfe1 Bxc4 22. Re7 b5 23. a4 b4 24. Ne4 Bd5 25. Nxc5 Bxb2 26. Rb1 Bf6 27. Ra7 Ba2 28. Rf1 Rfe8 29. Bd1 Bc4 30. Bb3 Bxf1 31. Kxf1 Bc3 32. g3 Re1+ 33. Kg2 Rb1 34. Rxa5 Rb2 35. Bc4 Rf8 36. Nd3 Rd2 37. Nf4 b3 38. Rh5 Rf6 39. Bxb3 Bd4 40. Rd5 h6 41. Rd8+ Kh7 42. Bg8+ Kh8 43. Bc4+ Kh7 44. Bd3+ Rxd3 45. Nxd3 Bb6 46. Rd5 Ba7 47. a5 1-0

[Event "London Classic op 4th"]
[Site "London"]
[Date "2012.12.06"]
[Round "6"]
[White "Luncasu, Raul Ionut"]
[Black "Berthier, Hugo"]
[Result "1-0"]
[WhiteElo "2118"]
[BlackElo "2220"]
[PlyCount "119"]
[EventDate "2012.12.01"]
[EventType "swiss"]
[EventRounds "9"]
[EventCountry "ENG"]
[SourceTitle "CBM 151 Extra"]
[Source "ChessBase"]
[SourceDate "2012.12.18"]
[SourceVersion "1"]
[SourceVersionDate "2012.12.18"]
[SourceQuality "1"]

1. e4 c5 2. Nf3 d6 3. d4 cxd4 4. Nxd4 Nf6 5. Nc3 a6 6. Bg5 e6 7. f4 Nc6 8. Qd2 h6 9. Bxf6 Qxf6 10. Nf3 Qd8 11. Bc4 b5 12. Bb3 Qb6 13. f5 Be7 14. fxe6 fxe6 15. 0-0-0 Na5 16. Kb1 Nxb3 17. cxb3 Bd7 18. h4 0-0-0 19. Rhe1 Rhf8 20. Ne2 g5 21. hxg5 hxg5 22. Nxg5 Rf2 23. g3 Kb8 24. Nh3 Rh2 25. Nhf4 Bc8 26. Qd3 Bf6 27. Rh1 Rxh1 28. Rxh1 Qb7 29. Nh5 Be5 30. Qf3 Qe7 31. Nhf4 Qg7 32. Nh5 Qh8 33. Nhf4 Qf6 34. Qe3 Bb7 35. Nd3 Rh8 36. Rxh8+ Qxh8 37. Kc1 Qh1+ 38. Kd2 Qxe4 39. Qxe4 Bxe4 40. Nxe5 dxe5 41. b4 Kc7 42. Nc3 Bf5 43. Ke3 Kb6 44. Kf3 a5 45. bxa5+ Kxa5 46. g4 Bg6 47. Ke3 Kb4 48. g5 Kc4 49. Ne4 Kd5 50. Nf6+ Kc4 51. Nd7 Kd5 52. Nf8 Bf7 53. g6 Bg8 54. Nh7 Kd6 55. Nf6 Ke7 56. Nxg8+ Kf8 57. Nf6 Kg7 58. Nd7 Kxg6 59. Nxe5+ Kf5 60. Nc6 1-0

[Event "London Classic op 4th"]
[Site "London"]
[Date "2012.12.05"]
[Round "5"]
[White "Berthier, Hugo"]
[Black "Zimmermann, Julian"]
[Result "0-1"]
[WhiteElo "2220"]
[BlackElo "2299"]
[PlyCount "108"]
[EventDate "2012.12.01"]
[EventType "swiss"]
[EventRounds "9"]
[EventCountry "ENG"]
[SourceTitle "CBM 151 Extra"]
[Source "ChessBase"]
[SourceDate "2012.12.18"]
[SourceVersion "1"]
[SourceVersionDate "2012.12.18"]
[SourceQuality "1"]

1. d4 Nf6 2. c4 g6 3. Nc3 Bg7 4. e4 d6 5. Nf3 0-0 6. Be2 e5 7. d5 a5 8. Bg5 Na6 9. Nd2 c6 10. 0-0 Bd7 11. Rb1 Nc5 12. f3 Qb8 13. b3 Rc8 14. Na4 Nxa4 15. bxa4 Rc7 16. Be3 c5 17. Rb6 Qf8 18. g4 Ne8 19. Qb3 Bc8 20. Bd3 Qe7 21. g5 f5 22. h4 f4 23. Bf2 h6 24. gxh6 Bf6 25. Re1 Bxh4 26. Kf1 Bxf2 27. Kxf2 Qh4+ 28. Ke2 Rh7 29. Qb5 Qe7 30. Rh1 Nf6 31. Ke1 Nd7 32. Rxb7 Bxb7 33. Qxb7 Qd8 34. Qc6 Nb6 35. Bf1 Rb8 36. Bh3 Rc7 37. Be6+ Kh7 38. Qb5 Qg5 39. Qxa5 Qe7 40. Qb5 Qd8 41. a5 Ra7 42. Nb3 Nxd5 43. Bxd5 Rxb5 44. cxb5 Rxa5 45. Nxa5 Qxa5+ 46. Kf2 Qd2+ 47. Kf1 Qd1+ 48. Kg2 Qe2+ 49. Kg1 Qe1+ 50. Kg2 Qg3+ 51. Kf1 Qxf3+ 52. Kg1 Qg3+ 53. Kf1 f3 54. Rg1 Qh3+ 0-1

[Event "London Classic op 4th"]
[Site "London"]
[Date "2012.12.03"]
[Round "3"]
[White "Berthier, Hugo"]
[Black "Holzke, Frank"]
[Result "1/2-1/2"]
[WhiteElo "2220"]
[BlackElo "2521"]
[PlyCount "85"]
[EventDate "2012.12.01"]
[EventType "swiss"]
[EventRounds "9"]
[EventCountry "ENG"]
[SourceTitle "CBM 151 Extra"]
[Source "ChessBase"]
[SourceDate "2012.12.18"]
[SourceVersion "1"]
[SourceVersionDate "2012.12.18"]
[SourceQuality "1"]

1. d4 Nf6 2. c4 c5 3. d5 Ne4 4. Qc2 Qa5+ 5. Nd2 Nd6 6. e4 g6 7. Ngf3 Bg7 8. Bd3 Na6 9. a3 b5 10. 0-0 0-0 11. h3 bxc4 12. Nxc4 Nxc4 13. Bxc4 d6 14. Bd2 Qb6 15. Bc3 Nc7 16. Rad1 a5 17. Rfe1 f6 18. h4 Nb5 19. Bxb5 Qxb5 20. h5 Qe8 21. hxg6 hxg6 22. Nh4 Bh6 23. Rd3 Bg5 24. Nxg6 Qxg6 25. Rg3 e5 26. dxe6 Bxe6 27. f4 Ra7 28. f5 Qf7 29. fxe6 Qxe6 30. Qd3 a4 31. Qd5 Qxd5 32. exd5 Rg7 33. Re6 Bf4 34. Rf3 Be5 35. Bxe5 fxe5 36. Rxf8+ Kxf8 37. Rxd6 Rb7 38. Rc6 Rxb2 39. Rxc5 Ke7 40. Ra5 Kd6 41. Rxa4 Kxd5 42. Ra8 e4 43. Rd8+ 1/2-1/2

[Event "Paris-ch op-A 87th"]
[Site "Paris"]
[Date "2012.07.08"]
[Round "2"]
[White "Shirazi, Kamran"]
[Black "Berthier, Hugo"]
[Result "1-0"]
[WhiteElo "2417"]
[BlackElo "2202"]
[PlyCount "86"]
[EventDate "2012.07.07"]
[EventType "swiss"]
[EventRounds "9"]
[EventCountry "FRA"]
[SourceTitle "CBM 149 Extra"]
[Source "ChessBase"]
[SourceDate "2012.08.24"]
[SourceVersion "1"]
[SourceVersionDate "2012.08.24"]
[SourceQuality "1"]

1. e4 c5 2. Nf3 d6 3. d4 cxd4 4. Nxd4 Nf6 5. Nc3 a6 6. Bg5 e6 7. Qe2 Nbd7 8. f4 Qc7 9. 0-0-0 Be7 10. g3 b5 11. a3 Bb7 12. Bg2 Qc4 13. Qxc4 bxc4 14. Rhe1 0-0 15. Bh3 Rfe8 16. e5 dxe5 17. Nxe6 Bf3 18. Nc7 Bxd1 19. Rxd1 h6 20. Bxf6 Nxf6 21. fxe5 Nh7 22. e6 Ng5 23. Bg2 Rac8 24. exf7+ Kxf7 25. Bd5+ Kg6 26. Nxe8 Rxe8 27. h4 Nh3 28. Bxc4 Bc5 29. Bxa6 Re3 30. Bd3+ Kh5 31. Ne4 Ba7 32. Kd2 Kg4 33. Rf1 Rxg3 34. Nxg3 Kxg3 35. h5 Nf4 36. Rxf4 Kxf4 37. Bg6 Be3+ 38. Kc3 Bc1 39. a4 Ke5 40. b4 Kd6 41. Kb3 Be3 42. c4 Kc6 43. c5 Kd5 1-0

[Event "Massy op"]
[Site "Massy"]
[Date "2010.06.??"]
[Round "?"]
[White "Pernet, Roger"]
[Black "Berthier, Hugo"]
[Result "1-0"]
[WhiteElo "1804"]
[BlackElo "2199"]
[PlyCount "61"]
[EventDate "2010.06.??"]
[EventType "swiss"]
[EventRounds "7"]
[EventCountry "FRA"]
[SourceTitle "EXT 2011"]
[Source "ChessBase"]
[SourceDate "2010.11.26"]
[SourceVersion "1"]
[SourceVersionDate "2010.11.26"]
[SourceQuality "1"]

1. f4 e5 2. fxe5 d6 3. exd6 Bxd6 4. Nf3 g5 5. g3 g4 6. Nh4 Ne7 7. d4 Ng6 8. Nxg6 hxg6 9. Qd3 Nc6 10. c3 Qe7 11. Bg2 Bd7 12. Nd2 0-0-0 13. Nc4 Rh5 14. Nxd6+ cxd6 15. Bd2 Rdh8 16. 0-0-0 Rxh2 17. Rxh2 Rxh2 18. Bxc6 Bxc6 19. d5 Bd7 20. e4 a6 21. Qc4+ Kb8 22. Be3 f5 23. Bf4 g5 24. Be3 Rg2 25. Rh1 Qe8 26. Qd4 Qxe4 27. Rh8+ Be8 28. Qxe4 fxe4 29. Rxe8+ Kc7 30. Rxe4 Rxg3 31. Bxg5 1-0

[Event "Avoine op 23rd"]
[Site "Avoine"]
[Date "2008.07.22"]
[Round "4"]
[White "Berthier, Hugo"]
[Black "Burille, Matthieu"]
[Result "0-1"]
[WhiteElo "2145"]
[BlackElo "1527"]
[PlyCount "82"]
[EventDate "2008.07.19"]
[EventType "swiss"]
[EventRounds "9"]
[EventCountry "FRA"]
[SourceTitle "CBM 125 Extra"]
[Source "ChessBase"]
[SourceDate "2008.09.01"]
[SourceVersion "1"]
[SourceVersionDate "2008.09.01"]
[SourceQuality "1"]

1. Nf3 d6 2. d4 Nf6 3. c4 g6 4. Nc3 Bg7 5. e4 0-0 6. Be2 e5 7. 0-0 Nc6 8. d5 Ne7 9. b4 Nd7 10. Re1 f5 11. Ng5 Nf6 12. Bf3 h6 13. Ne6 Bxe6 14. dxe6 Ne8 15. Bb2 Qc8 16. Nd5 Qxe6 17. Nxe7+ Qxe7 18. exf5 gxf5 19. Qd5+ Qf7 20. Qxb7 Nf6 21. c5 e4 22. Bd1 Rab8 23. Qxa7 Rxb4 24. Ba3 Rbb8 25. cxd6 Ra8 26. Qxa8 Rxa8 27. Bb3 Nd5 28. Rac1 c6 29. Bb4 Qb7 30. a3 Kh8 31. Bxd5 cxd5 32. Rc7 Qb6 33. Rec1 Be5 34. R7c6 Qd8 35. R1c5 Bxd6 36. Rc1 Bxb4 37. axb4 d4 38. g3 d3 39. Rxh6+ Kg7 40. Rcc6 d2 41. Rhg6+ Kf7 0-1

[Event "Avoine op 23rd"]
[Site "Avoine"]
[Date "2008.07.21"]
[Round "3"]
[White "Berthier, Hugo"]
[Black "Gomard, Alexandre"]
[Result "1-0"]
[WhiteElo "2145"]
[BlackElo "1941"]
[PlyCount "25"]
[EventDate "2008.07.19"]
[EventType "swiss"]
[EventRounds "9"]
[EventCountry "FRA"]
[SourceTitle "CBM 125 Extra"]
[Source "ChessBase"]
[SourceDate "2008.09.01"]
[SourceVersion "1"]
[SourceVersionDate "2008.09.01"]
[SourceQuality "1"]

1. Nf3 e6 2. c4 Nf6 3. Nc3 d5 4. d4 Be7 5. Bg5 0-0 6. e3 dxc4 7. Bxc4 Nbd7 8. 0-0 b6 9. e4 Bb7 10. Re1 c5 11. d5 exd5 12. exd5 Nxd5 13. Bxd5 1-0

[Event "Avoine op 23rd"]
[Site "Avoine"]
[Date "2008.07.20"]
[Round "2"]
[White "Sanduleac, Vasile"]
[Black "Berthier, Hugo"]
[Result "1-0"]
[WhiteElo "2461"]
[BlackElo "2145"]
[PlyCount "83"]
[EventDate "2008.07.19"]
[EventType "swiss"]
[EventRounds "9"]
[EventCountry "FRA"]
[SourceTitle "CBM 125 Extra"]
[Source "ChessBase"]
[SourceDate "2008.09.01"]
[SourceVersion "1"]
[SourceVersionDate "2008.09.01"]
[SourceQuality "1"]

1. e4 e5 2. Nf3 Nf6 3. d4 Nxe4 4. Bd3 Nc6 5. dxe5 d5 6. exd6 Nxd6 7. Nc3 Be7 8. Bf4 Be6 9. Ne5 Nxe5 10. Bxe5 Bf6 11. Qh5 Bxe5 12. Qxe5 0-0 13. 0-0-0 Qh4 14. g3 Qh6+ 15. Kb1 Rfe8 16. Qd4 Qg5 17. h4 Qa5 18. a3 Rad8 19. Qf4 Bf5 20. g4 Bxd3 21. Rxd3 Nb5 22. Rf3 Nxc3+ 23. Rxc3 c6 24. Re3 Qd5 25. Rhe1 Rxe3 26. Qxe3 h6 27. g5 h5 28. Qxa7 Qd2 29. Qe3 Qxe3 30. fxe3 Rd2 31. Rf1 Kf8 32. Rf4 Ke7 33. Rb4 b5 34. c4 bxc4 35. Rxc4 Kd6 36. a4 Re2 37. Re4 f5 38. gxf6 gxf6 39. a5 f5 40. Rf4 Ke5 41. a6 Rxe3 42. Ra4 1-0

[Event "Montigny le Bretonneux Noel op 10th"]
[Site "Montigny le Bretonneux"]
[Date "2007.10.28"]
[Round "2"]
[White "Hogrel, Nicolas"]
[Black "Berthier, Hugo"]
[Result "0-1"]
[WhiteElo "2054"]
[BlackElo "2101"]
[PlyCount "32"]
[EventDate "2007.12.26"]
[EventType "swiss"]
[EventRounds "7"]
[EventCountry "FRA"]
[SourceTitle "EXT 2008"]
[Source "ChessBase"]
[SourceDate "2007.11.25"]
[SourceVersion "1"]
[SourceVersionDate "2007.11.25"]
[SourceQuality "1"]

1. e4 e5 2. Nf3 Nc6 3. d4 exd4 4. Nxd4 Bc5 5. Nb3 Bb6 6. a4 a6 7. Bd3 Qf6 8. 0-0 Nge7 9. Nc3 0-0 10. Qe2 Ne5 11. Be3 Bxe3 12. Qxe3 d6 13. Be2 Be6 14. Nd4 N7c6 15. Nd5 Bxd5 16. exd5 Nxd4 0-1

[Event "FRA-ch U18"]
[Site "Le Grand Bornand"]
[Date "2007.04.14"]
[Round "8"]
[White "Frederic, Clement"]
[Black "Berthier, Hugo"]
[Result "1-0"]
[WhiteElo "2241"]
[BlackElo "2076"]
[PlyCount "131"]
[EventDate "2007.04.07"]
[EventType "swiss"]
[EventRounds "9"]
[EventCountry "FRA"]
[SourceTitle "CBM 118 Extra"]
[Source "ChessBase"]
[SourceDate "2007.07.04"]
[SourceVersion "1"]
[SourceVersionDate "2007.07.04"]
[SourceQuality "1"]

1. e4 e5 2. Nc3 Bc5 3. Nf3 Nc6 4. Nxe5 Nxe5 5. d4 Bd6 6. dxe5 Bxe5 7. f4 Bxc3+ 8. bxc3 d6 9. Bd3 Nf6 10. 0-0 0-0 11. Qf3 Qe7 12. Bd2 Bd7 13. Rae1 Bc6 14. Re3 Rae8 15. Rfe1 Qe6 16. c4 Nd7 17. Qg3 Nc5 18. Bc3 f6 19. Qh4 h6 20. Bd4 Kf7 21. Bxc5 dxc5 22. Qh5+ g6 23. Qxc5 Qd6 24. Qxd6 cxd6 25. Kf2 Re7 26. Ke2 Rfe8 27. Kd2 Kf8 28. Kc3 Kf7 29. Kd4 Kf8 30. c5 dxc5+ 31. Kxc5 Rc7 32. Kb4 Rd8 33. Kb3 Rd4 34. g3 Ba4+ 35. Kb2 Rb4+ 36. Kc1 Rc3 37. f5 Rd4 38. fxg6 Kg7 39. Kb2 Rc5 40. e5 fxe5 41. Rxe5 Rxe5 42. Rxe5 Rd7 43. Ra5 Bc6 44. Rxa7 Re7 45. h4 Re3 46. g4 Rh3 47. h5 Rg3 48. Bf5 Re3 49. Ra3 Re7 50. Rd3 Rc7 51. Rd8 Re7 52. Rc8 Bd5 53. a3 Bc6 54. Kc3 Bd5 55. Kb4 Bc6 56. c4 Bf3 57. Kc5 Bg2 58. Kb6 Re3 59. Rc7+ Kg8 60. a4 Rb3+ 61. Ka7 Re3 62. Kb8 Bf3 63. a5 Bg2 64. c5 Bf3 65. Bc8 Re8 66. Ka7 1-0

[Event "FRA-ch U18"]
[Site "Le Grand Bornand"]
[Date "2007.04.11"]
[Round "5"]
[White "Berthier, Hugo"]
[Black "Poignot, Quentin"]
[Result "1-0"]
[WhiteElo "2076"]
[BlackElo "1952"]
[PlyCount "67"]
[EventDate "2007.04.07"]
[EventType "swiss"]
[EventRounds "9"]
[EventCountry "FRA"]
[SourceTitle "CBM 118 Extra"]
[Source "ChessBase"]
[SourceDate "2007.07.04"]
[SourceVersion "1"]
[SourceVersionDate "2007.07.04"]
[SourceQuality "1"]

1. Nf3 Nf6 2. c4 e6 3. Nc3 c5 4. g3 b6 5. Bg2 Bb7 6. 0-0 Be7 7. Re1 0-0 8. e4 d6 9. d4 cxd4 10. Nxd4 Qc8 11. b3 a6 12. Ba3 Qc7 13. Rc1 Nbd7 14. f4 Rfe8 15. Rc2 Rac8 16. g4 Nf8 17. g5 N6d7 18. Bc1 g6 19. f5 exf5 20. exf5 Bxg2 21. Rxg2 Ne5 22. f6 Bd8 23. Kh1 Qb7 24. a4 h5 25. Nd5 Bc7 26. h3 Bb8 27. Re4 Ba7 28. Rh4 b5 29. Nf5 bxc4 30. Nde7+ Kh8 31. Rxh5+ gxh5 32. Qxh5+ Nh7 33. Qh6 Rg8 34. Qg7+ 1-0

[Event "FRA-ch U18"]
[Site "Le Grand Bornand"]
[Date "2007.04.08"]
[Round "1"]
[White "Berthier, Hugo"]
[Black "Dubois, Pierre"]
[Result "1-0"]
[WhiteElo "2076"]
[BlackElo "1800"]
[PlyCount "85"]
[EventDate "2007.04.07"]
[EventType "swiss"]
[EventRounds "9"]
[EventCountry "FRA"]
[SourceTitle "CBM 118 Extra"]
[Source "ChessBase"]
[SourceDate "2007.07.04"]
[SourceVersion "1"]
[SourceVersionDate "2007.07.04"]
[SourceQuality "1"]

1. Nf3 d5 2. d4 e6 3. c4 Nf6 4. Nc3 c6 5. Bg5 Nbd7 6. e3 Bb4 7. cxd5 exd5 8. Nd2 Qc7 9. Be2 0-0 10. Bf4 Bd6 11. Bg3 Re8 12. Rc1 Nf8 13. Nb5 Qd8 14. Nxd6 Re7 15. Nxc8 Qxc8 16. 0-0 Ng6 17. Re1 Qf5 18. Qc2 Qxc2 19. Rxc2 Rae8 20. Nf3 Ne4 21. Bd3 Nxg3 22. hxg3 f6 23. Rce2 Kf7 24. Bxg6+ Kxg6 25. Nd2 Kf5 26. e4+ dxe4 27. Rxe4 Rxe4 28. g4+ Kxg4 29. Rxe4+ Rxe4 30. Nxe4 Kf4 31. Nc5 b6 32. Ne6+ Ke4 33. Nxg7 Kxd4 34. g4 c5 35. Nh5 Ke5 36. Kg2 b5 37. f4+ Ke6 38. Kf3 a5 39. Ke4 c4 40. f5+ Kf7 41. Kd4 a4 42. a3 b4 43. Kxc4 1-0

[Event "FRA-ch Accession"]
[Site "Besancon"]
[Date "2006.08.17"]
[Round "3"]
[White "Logel, Matthieu"]
[Black "Berthier, Hugo"]
[Result "0-1"]
[WhiteElo "2106"]
[BlackElo "2056"]
[PlyCount "156"]
[EventDate "2006.08.15"]
[EventType "swiss"]
[EventRounds "10"]
[EventCountry "FRA"]
[SourceTitle "CBM 113 Extra"]
[Source "ChessBase"]
[SourceDate "2006.09.14"]
[SourceVersion "1"]
[SourceVersionDate "2006.09.14"]
[SourceQuality "1"]

1. e4 e5 2. Nf3 Nf6 3. d4 Nxe4 4. Bd3 Nc6 5. d5 Nc5 6. dxc6 e4 7. cxb7 Bxb7 8. Be2 exf3 9. Bxf3 Bxf3 10. Qxf3 Bd6 11. 0-0 0-0 12. Nd2 Re8 13. Rd1 Rb8 14. b3 Be5 15. Rb1 Qf6 16. Qxf6 Bxf6 17. Ba3 Nb7 18. Kf1 d6 19. Nc4 Bg5 20. Rd5 h6 21. Rbd1 c6 22. R5d3 d5 23. Nd2 Rbd8 24. Nf3 Bf6 25. Nd4 Rc8 26. Nf5 Re5 27. g4 a5 28. Ne3 a4 29. c4 axb3 30. Rxb3 Na5 31. Rb4 Nxc4 32. Nxc4 dxc4 33. Bb2 Rb5 34. Rxb5 cxb5 35. Bxf6 gxf6 36. Rb1 Rc5 37. Ke2 f5 38. h3 fxg4 39. hxg4 Kf8 40. Ke3 Ke7 41. Ke4 Kd6 42. Rh1 Re5+ 43. Kd4 Re6 44. Rh5 Kc6 45. Rc5+ Kb6 46. Rf5 Rd6+ 47. Kc3 Ka5 48. Rxf7 Rd3+ 49. Kc2 Kb4 50. Rf6 Rh3 51. Rf5 Ra3 52. Kb1 Ra6 53. Rh5 Re6 54. f4 Re1+ 55. Kc2 Re2+ 56. Kb1 Rf2 57. f5 Rf4 58. Rxh6 Rxg4 59. Kc2 Rf4 60. f6 Rf2+ 61. Kb1 c3 62. Rh4+ Ka3 63. Rh5 Ka4 64. Rc5 b4 65. Rc6 Kb5 66. Re6 Kc5 67. Ra6 Kc4 68. Rc6+ Kd3 69. Rd6+ Ke2 70. Rd4 Rxf6 71. Rxb4 Kd3 72. a4 Rf1+ 73. Ka2 c2 74. Rb3+ Kc4 75. Rb8 c1Q 76. Rc8+ Kb4 77. Rb8+ Kc5 78. Re8 Kd6 0-1